Statistics for American Country Superlatives

Click here to take the quiz!

General Stats

  • This quiz has been taken 103 times
  • The average score is 13 of 18

Answer Stats

Superlative Country % Correct
Biggest PopulationUnited States
100%
Biggest Land AreaCanada
100%
Largest EconomyUnited States
94%
Most ChristiansUnited States
88%
Highest GDP per capitaUnited States
87%
Southernmost PointChile
85%
Highest BuildingUnited States
85%
Highest Life ExpectancyCanada
82%
Top Oil ProducerUnited States
79%
Biggest Landlocked CountryBolivia
78%
Lowest PointUnited States
71%
Highest PointArgentina
68%
Lowest Population DensityCanada
65%
Smallest PopulationSt. Kitts and Nevis
64%
Shortest Life ExpectancyHaiti
63%
Most HindusGuyana
32%
Lowest GDP per capitaDominica
31%
Highest Population DensityBarbados
27%

Score Distribution

Percentile by Number Answered

Percent of People with Each Score

Your Score History

You have not taken this quiz